| 000 | 00765nam a22002417a 4500 | ||
|---|---|---|---|
| 999 |
_c15590 _d15590 |
||
| 003 | MIRAKIL | ||
| 005 | 20240308131116.0 | ||
| 008 | 240308b tu ||||| |||| 00| 0 tur d | ||
| 020 | _a9752201962 | ||
| 040 |
_aTR-AnCHP _cTR-AnCHP |
||
| 041 | _atur | ||
| 082 |
_a909.0494350567 _bN24k 2007 |
||
| 090 | _a909.0494350567 N24k 2007 | ||
| 100 | 1 |
_aNakip, Mahir _q(Prof. Dr.) |
|
| 245 | 1 | 0 |
_aKerkük'ün kimliği / _cProf. Dr. Mahir Nakip. |
| 250 | _a2. bs. | ||
| 260 |
_aAnkara : _bBilgi yayınları, _c2007. |
||
| 300 |
_a445 s. _bfotog. , _c20 cm. |
||
| 650 | 0 |
_97142 _asosyoloji _zIrak-Kerkük |
|
| 651 | 0 |
_95884 _aIrak _xKerkük |
|
| 856 | _zDijital Nüshası için Partimizin Kütüphane Sorumlusu ile iletişime geçiniz. | ||
| 942 |
_2ddc _cBKS |
||